| 000 | 01575cam a22003131i 4500 | ||
|---|---|---|---|
| 003 | SA-RiAUC | ||
| 005 | 20250917112949.0 | ||
| 008 | 250915s2005 ua g b f000r0 ara c | ||
| 020 | _a9960036995 | ||
| 040 |
_aSA-MaMIU _bara _cSA-RiAUC _erda |
||
| 082 | 0 | 4 | _a413.028 |
| 090 |
_a413.028 _bس ح ي |
||
| 100 | 1 |
_aالسحيمي، سلمان بن سالم بن رجاء _d1377 هجري- _eمؤلف. |
|
| 245 | 1 | 0 |
_aأصل ما زاد على ثلاثة عند ابن فارس من خلال معجم مقاييس اللغة / _cتأليف سلمان بن سالم بن رجاء السحيمي. |
| 246 | 3 | _aأصل ما زاد على 3 عند ابن فارس من خلال معجم مقاييس اللغة | |
| 250 | _aالطبعة الأولى. | ||
| 264 | 1 |
_aالرياض : _bجامعة أم القرى، معهد البحوث العلمية، مركز بحوث اللغة العربية وآدابها، _c[2005] |
|
| 300 |
_a167 صفحة ؛ _c24 × 17 سم. |
||
| 336 |
_aنص _btxt _2rdacontent _3كتاب |
||
| 337 |
_aبدون وسيط _bn _2rdamedia |
||
| 338 |
_aمجلد _bnc _2rdacarrier |
||
| 490 | 0 | _aسلسلة بحوث اللغة العربية وآدابها | |
| 504 | _aببليوجرافية : صفحة 159. | ||
| 650 | 7 |
_aاللغة العربية _vمعاجم _2aucsh |
|
| 700 | 1 | 2 |
_iشرح لـ (عمل) : _aابن فارس، أحمد بن فارس بن زكرياء، _d329-395 هجري. _tمعجم مقاييس اللغة |
| 856 | 4 | _uhttp://10.0.0.80/maisun2/20%20(11).pdf | |
| 942 |
_2ddc _cBOOK _n0 |
||
| 949 |
_aSA-JeALM _d250915 _umohamedma123 _n1 |
||
| 999 |
_c11833 _d11833 |
||